00656cam a2200205 a 450000100100000000500170001000800410002702000150006804000230008308200190010610000310012524500540015626000480021030000270025849000280028558600590031365000240037265000260039683000280042200000614620200929151942.0940802s1993 ck a 001 0 spa  a9586121488 aDO-SdBNPcDLCdDLC aC861.44bC462i1 aChaparro Valderrama, Hugo.10aImagenes de un viaje /cHugo Chaparro Valderrama. aSantafé de Bogotá :bColcultura,c1993. a78 p. :bil. ;c21 cm.1 aPremios Nacionales '93. aPremio Nacional de Poesía 1993. Poesía tri-aequo". 4aPoesía colombiana 4aLiteratura colombiana 0aPremios Nacionales '93.